000 00857nam a2200253 u 4500
005 20231013063625.0
008 170606s2002 mx r 000 0 spa d
020 _a9701869249
035 _aUPN01000218358
049 _aLTG
050 4 _aLB1583
_bM6.5 2002
100 1 _aVásquez Rubio, Pilar
_940883
245 1 0 _aGeografía :
_bquinto grado /
_cPilar Vásquez Rubio, Zoraida Vásquez, Renán Poveda.
250 _a3a ed. rev.
260 _aMéxico :
_bSEP, Comisión Nacional de los Libros de Texto Grauitos,
_c2002.
300 _a176 p. :
_bil. col., gráfs.
500 _aLibro de texto gratuito
500 _a"Ciclo escolar 2002-2003"
650 4 _aGeografía
_xEstudio y enseñanza (Elemental)
_92801
700 1 _aVásquez Beveraggi, Zoraida,
_ecoaut.
_935668
700 1 _aPoveda, Renán,
_ecoaut.
905 _aLibro
999 _c190458
_d190458